|
|
|
|
| LEADER |
00000cam a2200000 7i4500 |
| 001 |
0000067331 |
| 005 |
20090604.0 |
| 008 |
090603 eng |
| 020 |
|
|
|a 9789675051487
|
| 090 |
0 |
0 |
|a 500 BHG
|
| 100 |
1 |
|
|a B.H.Guan
|
| 245 |
1 |
4 |
|a The Exam Companion Science SPM
|c B.H.Guan,Chao Kok Yew Dan Tan Kee Yean
|
| 260 |
|
|
|a Selangor :
|b Pustaka Sistem Pelajaran sdn.Bhd. ,
|c 2008
|
| 300 |
|
|
|a ii,380p. :
|b ill. ;
|c 25cm.
|
| 440 |
|
0 |
|a 1001 Series
|
| 650 |
0 |
0 |
|a Science
|
| 999 |
|
|
|a 0000027517
|b Buku
|c Rujukan
|e Perbadanan Perpustakaan Awam Melaka
|
| 999 |
|
|
|a 0000027518
|b Buku
|c Rujukan
|e Perbadanan Perpustakaan Awam Melaka
|
| 999 |
|
|
|a 0000027520
|b Buku
|c Rujukan
|e Perpustakaan Cawangan Masjid Tanah
|
| 999 |
|
|
|a 0000027521
|b Buku
|c Rujukan
|e Perpustakaan Cawangan Merlimau
|
| 999 |
|
|
|a 0000027522
|b Buku
|c Rujukan
|e Perbadanan Perpustakaan Awam Melaka
|
| 999 |
|
|
|a 0000027523
|b Buku
|c Rujukan
|e Perbadanan Perpustakaan Awam Melaka
|
| 999 |
|
|
|a 0000027524
|b Buku
|c Rujukan
|e Perbadanan Perpustakaan Awam Melaka
|
| 999 |
|
|
|a 0000027525
|b Buku
|c Rujukan
|e Perbadanan Perpustakaan Awam Melaka
|
| 999 |
|
|
|a 0000027526
|b Buku
|c Rujukan
|e Perbadanan Perpustakaan Awam Melaka
|